Biblioteka Instytutu Północnego w Olsztynie

Kryptonim "Borsuki" : (Rekord nr 27796)

Szczegóły MARC
000 -Nagłówek
fixed length control field 02710cam a2200613 i 4500
001 - Nr kontrolny bibl., która utworzyła rek.
control field xx004913421
003 - Siglum bibl., której nr kontr. jest w 001
control field NUKAT
005 - Data i czas ostatniej operacji
control field 20260427110640.0
008 - Elementy pola stałej długości
fixed length control field 200723s2020 pl a g |001 0 pol c
020 ## - ISBN
ISBN 9788380988880
dopowiedzenie (oprawa twarda) :
warunki dostępności zł 50,00
035 ## - Systemowy numer kontrolny
systemowy numer kontrolny (OCoLC)1183356303
035 ## - Systemowy numer kontrolny
systemowy numer kontrolny (NUKAT)xx004913421
040 ## - Instytucja sporządzająca opis
Instytucja, która sporządziła opis GD U/MJ
język katalgowania-trzyzn. kod pol
zasady opisu rda
Instytucja, która sporządziła rekord GD U/MJs
Instytucja, która zmodyfikowała rekord WR O/KP
-- WA 14/MBs
-- OLSZT 008/bak
045 2# - Okres czasu dla zawartości
czas między r. 9999 pne a nasz. czas. d1886
-- d2019
046 ## - Kod rodz. daty, data1, data2 (daty pne)
Begin/single date 2020
100 1# - Hasło główne-nazwa osobowa
Nazwa osobowa Chmielowiec, Piotr.
rodzaj współpracy Autor
9 (RLIN) 40048
245 10 - Tytuł właściwy i oznaczenie odpow.
tytuł Kryptonim "Borsuki" :
dodatek do tytułu konspiracja wojskowa Polskiego Państwa Podziemnego na terenie powiatu łańcuckiego (1939-1945) /
dod. inf. ze s. tyt./ozn. odpow. Piotr Chmielowiec.
260 ## - Adres wydawniczy
miejsce wydania, dystrybucji itp. Rzeszów ;
-- Warszawa :
nazwa wydawcy, dystrybutora itp. Instytut Pamięci Narodowej Komisja Ścigania Zbrodni przeciwko Narodowi Polskiemu. Oddział w Rzeszowie,
data wydania, dystrybucji itp. 2020.
300 ## - Opis fizyczny
objętość i/lub forma materiału 664, [12] stron :
inne szczegóły opisu fizycznego ilustracje ;
format 25 cm.
336 ## - Content Type
Term Tekst
Code txt
Source rdacontent
337 ## - Media Type
Term Bez urządzenia pośredniczącego
Code n
Source rdamedia
338 ## - Carrier Type
Term Wolumin
Code nc
Source rdacarrier
380 ## - Form of work
Form of work Książki
380 ## - Form of work
Form of work Publikacje naukowe
388 1# - TIME PERIOD OF CREATION
Time period of creation term 2001-
490 1# - Tytuł serii i ks. wielotom.-nie do wysz.
oznaczenie serii Seria Wydawnicza IPN Oddział w Rzeszowie
490 1# - Tytuł serii i ks. wielotom.-nie do wysz.
oznaczenie serii Centalny Projekt Badawczy IPN Losy Polski i jej Obywateli w Latach II Wojny Światowej
504 ## - Uwaga o bibliografii
uwaga o bibliografii Bibliografia na stronach 573-606. Indeksy.
610 27 - Hasło przedmiotowe-nazwa ciała zbior.
nazwa ciała zbior. lub geogr. Armia Krajowa (AK)
źródło hasła DBN
9 (RLIN) 37309
610 27 - Hasło przedmiotowe-nazwa ciała zbior.
nazwa ciała zbior. lub geogr. Bataliony Chłopskie
źródło hasła DBN
9 (RLIN) 40624
610 27 - Hasło przedmiotowe-nazwa ciała zbior.
nazwa ciała zbior. lub geogr. Narodowa Organizacja Wojskowa (1939-1943)
źródło hasła DBN
9 (RLIN) 40625
610 27 - Hasło przedmiotowe-nazwa ciała zbior.
nazwa ciała zbior. lub geogr. Związek Odwetu
źródło hasła DBN
9 (RLIN) 40626
610 27 - Hasło przedmiotowe-nazwa ciała zbior.
nazwa ciała zbior. lub geogr. Związek Walki Zbrojnej
źródło hasła DBN
9 (RLIN) 40091
648 #7 - SUBJECT ADDED ENTRY--CHRONOLOGICAL TERM
Chronological term 1801-1900
Source of heading or term DBN
9 (RLIN) 36037
648 #7 - SUBJECT ADDED ENTRY--CHRONOLOGICAL TERM
Chronological term 1901-2000
Source of heading or term DBN
9 (RLIN) 34996
648 #7 - SUBJECT ADDED ENTRY--CHRONOLOGICAL TERM
Chronological term 2001-
Source of heading or term DBN
9 (RLIN) 36393
650 #7 - Hasło przedmiotowe-nazwa pospolita
nazwa pospolita lub geogr. II wojna światowa (1939-1945)
źródło hasła DBN
9 (RLIN) 35099
650 #7 - Hasło przedmiotowe-nazwa pospolita
nazwa pospolita lub geogr. Partyzanci
źródło hasła DBN
9 (RLIN) 39418
650 #7 - Hasło przedmiotowe-nazwa pospolita
nazwa pospolita lub geogr. Polskie Państwo Podziemne
źródło hasła DBN
9 (RLIN) 40627
650 #7 - Hasło przedmiotowe-nazwa pospolita
nazwa pospolita lub geogr. Ruch oporu
źródło hasła DBN
9 (RLIN) 35814
650 #7 - Hasło przedmiotowe-nazwa pospolita
nazwa pospolita lub geogr. Wojna światowa (1939-1945)
określnik rzeczowy ruch oporu
określnik geograficzny Polska
-- Łańcut (region).
źródło hasła kaba
9 (RLIN) 40628
651 #7 - Hasło przedmiotowe-nazwa geogr.
nazwa geograficzna Powiat łańcucki (1918-1939)
źródło hasła DBN
9 (RLIN) 40629
651 #7 - Hasło przedmiotowe-nazwa geogr.
nazwa geograficzna Łańcut (Polska ; region)
określnik chronologiczny 1939-1945 (Wojna i okupacja).
źródło hasła kaba
9 (RLIN) 40630
651 #7 - Hasło przedmiotowe-nazwa geogr.
nazwa geograficzna Łańcut (Polska ; region)
określnik rzeczowy polityka i rządy
określnik chronologiczny 1900-1945.
źródło hasła kaba
9 (RLIN) 40631
655 #7 - Termin określający rodzaj/formę
rodzaj/forma Monografia
źródło terminu DBN
9 (RLIN) 35240
655 #7 - Termin określający rodzaj/formę
rodzaj/forma Słownik biograficzny
źródło terminu DBN
9 (RLIN) 35456
658 ## - Nazwa określająca cel programu nauczania
główny cel programu nauczania Bezpieczeństwo i wojskowość
658 ## - Nazwa określająca cel programu nauczania
główny cel programu nauczania Historia
710 2# - Hasło dodatkowe - nazwa ciała zbior.
nazwa ciała zbior. lub nazwa geogr. Instytut Pamięci Narodowej - Komisja Ścigania Zbrodni przeciwko Narodowi Polskiemu.
rodzaj współpracy Wydawca
kod rodzaju współpracy pbl
9 (RLIN) 11792
830 #0 - Hasło dod. serii i op. ks. wielotom. -tyt
tytuł Seria Wydawnicza IPN Oddział w Rzeszowie
9 (RLIN) 19643
830 #0 - Hasło dod. serii i op. ks. wielotom. -tyt
tytuł Losy Polski i jej Obywateli w Latach II Wojny Światowej
9 (RLIN) 39936
920 ## - ISBN
ISBN 978-83-8098-888-0 (oprawa twarda) : zł 50,00
942 ## - ADDED ENTRY ELEMENTS (KOHA)
Source of classification or shelving scheme Dewey Decimal Classification
Koha item type pozycje dostępne na miejscu
Egzemplarze
Status wycofania Status zagubienia Klasyfikacja Status uszkodzenia Blokada wypożyczeń Kolekcja Lokalizacja macierzysta Lokalizacja bieżąca Data nabycia Numer akcesji Źródło akcesji Cena Nr inwentarzowy il. wypożyczeń Sygnatura Kod kreskowy Date last seen Price effective from Typ egz.
    Dewey Decimal Classification nieuszkodzona   książka w magazynie Biblioteka Instytutu Północnego w Olsztynie Biblioteka Instytutu Północnego w Olsztynie 30/11/2020 D-36/2020 dar 50.00 59936   59936 IPWK21633 27/04/2026 27/04/2026 pozycje dostępne na miejscu
Biblioteka Instytutu Północnego, ul. Partyzantów 87, 10-402 Olsztyn, email: biblioteka(at)ip.olsztyn.pl